000 00983nam a2200277 i 4500
001 147030
003 ES-MaACL
005 20250824212147.0
007 t|
008 070920s1977 sp ||||1| spa d
020 _a84-244-0418-1
080 _a946"1931/39"
080 _a329.15(46)
100 1 _aTrotsky, Leon,
_d1879-1940
_9240350
245 1 3 _aLa revolución española.
_nII,
_p1936-1940 /
_cLeón Trostky ; edición, prólogo y notas de Pierre Broncé ; [traducido por Javier Sanmartín].
260 _aBarcelona :
_bFontanella,
_c1977.
300 _a557 p. ;
_c21 cm.
490 1 _aLibros de confrontación. Historia ;
_v3
650 1 4 _aComunismo-
_zEspaña-
_y1931-1939.
_911218
651 4 _aEspaña-
_xHistoria-
_y1931-1939, II República.
_98283
700 1 _aBroué, Pierre.
_931958
700 1 _aSanmartin, Javier.
_9103182
830 1 0 _aLibros de confrontación (Fontanella)
_v3
_9183492
852 _aES-MaACL
_jA-7409
999 _c147030
_d147030